Reverse City Matching: Nebraska Quiz Stats

 Plays Quiz not verified by Sporcle

Challenge
Share
Tweet
Score 0/15 Timer 02:00
0 Plays Today
% Correct
Platte
93.2%
City
93.2%
Island
90.4%
Sioux City
90.4%
Paul
90.4%
Calhoun
89%
Bow
89%
Vista
87.7%
% Correct
City
84.9%
Creek
82.2%
Water
76.7%
Point
74%
Cloud
72.6%
City
69.9%
River
65.8%

You're not logged in!

Compare scores with friends on all Sporcle quizzes.
Join for Free
OR
Log In

You Might Also Like...

Show Comments

Extras

Top Quizzes Today


Score Distribution

Your Account Isn't Verified!

In order to create a playlist on Sporcle, you need to verify the email address you used during registration. Go to your Sporcle Settings to finish the process.

Report this User

Report this user for behavior that violates our Community Guidelines.

Details: